El mercader de Venecia

Guardado en:
Detalles Bibliográficos
Autor principal: Shakespeare, William (Autor)
Formato: Libro
Lenguaje:español
Publicado: Santiago Prosa 1997
Materias:
Etiquetas: Agregar Etiqueta
Sin Etiquetas, Sea el primero en etiquetar este registro!

MARC

LEADER 00000nam a2200000 a 4500
001 UCH6728
003 CL-VaPUC
008 091109e19970000CL |||||||||||||||||spa|d
020 |a 9562810267 
082 0 4 |a 822  |b SHA  |2 21 
100 |a Shakespeare, William  |e author  |9 265757 
245 1 3 |a El mercader de Venecia 
300 |a 94 p 
942 |c BK 
945 |d 20091109 00:00:00  |a lazolas 
260 |a Santiago  |b Prosa  |c 1997 
650 0 |a Dramas ingleses  |9 269396 
650 0 |a Literatura inglesa  |9 312907 
583 |a last modification  |c 20091109 00:00:00  |k Rodrigo Vera 
999 |c 337560  |d 337558